000 00647nam a22002177a 4500
003 UA-OsUOA
001 115716
007 ta
008 20160118b un ||||| |||| 00| 0 ukr d
100 _aРимарська Р.Ю.
090 _a330(477)
_bР51
942 _cSA
040 _aUA-OsUOA
_bukr
_cUA-OsUOA
_dUA-OsUOA
245 _aЗбільшення надходжень до бюджнту як чинник залучення іноземних інвестицій в Україну
300 _aС.31-44
955 _a0
041 _aukr
080 _a330(477)
773 0 _w115714
650 7 _a330 Економіка взагалі
_2UDC
999 _c404666
_d404666